000 00309nam a22001217a 4500
020 _a9788122423921
082 _222
_a691
100 _aDuggal, S. K.
245 _aBuilding materials /
260 _aNew Delhi,
_bNew Age International,
_cc2008.
300 _axvi, 525 p. ;
_bill. ;
_c24 cm.
942 _2ddc
_cCIVIL
_03
999 _c3197
_d3197